<?xml version="1.0" encoding="UTF-8"?>
<collection xmlns="http://www.loc.gov/MARC21/slim">
    <record>
        <controlfield tag="001">64674</controlfield>
        <controlfield tag="005">20180207125354.0</controlfield>
        <datafield tag="037" ind1=" " ind2=" ">
            <subfield code="a">TAZ-TFM-2017-300</subfield>
        </datafield>
        <datafield tag="041" ind1=" " ind2=" ">
            <subfield code="a">spa</subfield>
        </datafield>
        <datafield tag="100" ind1="1" ind2=" ">
            <subfield code="a">Elias de Molins Peña, Carmen</subfield>
        </datafield>
        <datafield tag="242" ind1="0" ind2="0">
            <subfield code="a">Factors that justify mortality per year of patients admitted to a geriatric acute care unit.</subfield>
        </datafield>
        <datafield tag="245" ind1="0" ind2="0">
            <subfield code="a">factores que justifican la mortalidad al año de pacientes ingresados en una unidad de agudos de geriatría.</subfield>
        </datafield>
        <datafield tag="260" ind1=" " ind2=" ">
            <subfield code="a">Zaragoza</subfield>
            <subfield code="b">Universidad de Zaragoza</subfield>
            <subfield code="c">2017</subfield>
        </datafield>
        <datafield tag="506" ind1=" " ind2=" ">
            <subfield code="a">by-nc-sa</subfield>
            <subfield code="b">Creative Commons</subfield>
            <subfield code="c">3.0</subfield>
            <subfield code="u">http://creativecommons.org/licenses/by-nc-sa/3.0/</subfield>
        </datafield>
        <datafield tag="520" ind1=" " ind2=" ">
            <subfield code="a">RESUMEN Objetivos: Determinar aquellos factores que puedan justificar de manera independiente la mortalidad al año en pacientes ingresados en una unidad de agudos de Geriatría.  Material y métodos: Estudio analítico retrospectivo de pacientes ingresados en el servicio de Geriatría, en la unidad de agudos del Hospital Nuestra Señora de Gracia, durante los meses de junio y noviembre de 2014, con seguimiento al año de su fecha de alta. Como variable resultado se analizó la asociación entre distintas características biográficas, clínicas y patológicas, parámetros analíticos y otros factores asociados, con la mortalidad al año del alta.  Resultados: Se estudiaron 318 pacientes, con una edad media de 87 años, cuyo antecedente médico más frecuente era la patología cardiovascular (82’39%), seguida de la neurológica (40’25%).  En el ingreso fallecieron el 15’41% de los pacientes, durante los primeros 6 meses de seguimiento el 26’30%, y a los 12 meses el 10’15%. La estancia media del 50% de los pacientes fue de 9 días. Al ingreso el 77’99% presentaba polifarmacia y el 22’96% polifarmacia extrema. Los parámetros analíticos determinaron que: el 33’33% de los pacientes presentó prolactina elevada, el 68’14% anemia, el 46’47% proteínas totales &lt;5 g/dl, el 25’40% valores de albumina &lt;2g/dl. El 52% de los pacientes presentaban algún grado de demencia (GDS), el 23’7% un grado de dependencia total (Índice de Barthel); y el 67’3% obtuvieron puntuaciones  5 para el índice de comorbilidad de Charlson ajustado por edad. En el análisis multivariante, los antecedentes de infección (OR 2.124, IC 95% 1.089-4.166); índice de Barthel &lt;60 (OR 4.04, IC 95% 1.771-9.26); anemia (OR 2.26, IC 95% 1.120-4.354); y polifarmacia (OR 2.26, IC 95% 1.057-4.831) se asociaron de forma independiente con mayor riesgo de mortalidad al año.  La presencia de cirugía (OR 0.114, IC 95% 0.03-0.410) y de niveles altos de albumina (OR 0.049, IC 95% 0.253-0.796) lo hicieron como factores de buen pronóstico.  Conclusiones: La anemia, la hipoalbuminemia, la polifarmacia y un índice de Bartthel &lt;60, presentan asociación independiente con mayor mortalidad al año.</subfield>
        </datafield>
        <datafield tag="521" ind1=" " ind2=" ">
            <subfield code="a">Graduado en Medicina</subfield>
        </datafield>
        <datafield tag="540" ind1=" " ind2=" ">
            <subfield code="a">Derechos regulados por licencia Creative Commons</subfield>
        </datafield>
        <datafield tag="700" ind1=" " ind2=" ">
            <subfield code="a">Arribas Monzón, Federico</subfield>
            <subfield code="e">dir.</subfield>
        </datafield>
        <datafield tag="710" ind1="2" ind2=" ">
            <subfield code="a">Universidad de Zaragoza</subfield>
            <subfield code="b"> </subfield>
            <subfield code="c"></subfield>
        </datafield>
        <datafield tag="856" ind1="0" ind2=" ">
            <subfield code="f">592488@celes.unizar.es</subfield>
        </datafield>
        <datafield tag="856" ind1="4" ind2=" ">
            <subfield code="s">1700572</subfield>
            <subfield code="u">http://zaguan.unizar.es/record/64674/files/TAZ-TFM-2017-300.pdf</subfield>
            <subfield code="y">Memoria (spa)</subfield>
        </datafield>
        <datafield tag="909" ind1="C" ind2="O">
            <subfield code="o">oai:zaguan.unizar.es:64674</subfield>
            <subfield code="p">driver</subfield>
            <subfield code="p">trabajos-fin-master</subfield>
        </datafield>
        <datafield tag="950" ind1=" " ind2=" ">
            <subfield code="a"></subfield>
        </datafield>
        <datafield tag="951" ind1=" " ind2=" ">
            <subfield code="a">deposita:2018-02-07</subfield>
        </datafield>
        <datafield tag="980" ind1=" " ind2=" ">
            <subfield code="a">TAZ</subfield>
            <subfield code="b">TFM</subfield>
            <subfield code="c">MED</subfield>
        </datafield>
    </record>

    
</collection>